00431 2200157 4500001002100000008004100021035002000062245004800082100001300130260003800143300002000181082001800201650002800219990001300247990001300260INLIS000000000000464 ind  a0010-0322000464 aAKU BANGGA PAHLAWANKU TJOET NYAK DIENcIKHA aFIDELARA aJAKARTAbARMANDELTA SELARASc2009 a70 hlm.c25 cm. a809.933 520 3 aPAHLAWAN - ENSIKLOPEDIA a102609-1 a102609-2